000 00236nam a2200097Ia 4500
005 20251222113744.0
008 251222s1900||||xx |||||||||||||| ||spa||
082 _aDVD0070/W17/2003
245 0 _aMan of Marble:El Hombre de Marmol
942 _cDVD
999 _c723
_d723